ARRUPE JESUIT UNIVERSITY

CORONAVIRUS -STOP THE SPREAD - CLEAN,DISINFECT,COVER

Not the whole truth. (Record no. 128930)

MARC details
000 -LEADER
fixed length control field 00709cam a22002171a 4500
001 - CONTROL NUMBER
control field 15412747
003 - CONTROL NUMBER IDENTIFIER
control field ARRUPE
005 - DATE AND TIME OF LATEST TRANSACTION
control field 20190207115105.0
008 - FIXED-LENGTH DATA ELEMENTS--GENERAL INFORMATION
fixed length control field 080814s1962 sa c f000 0aeng
010 ## - LIBRARY OF CONGRESS CONTROL NUMBER
LC control number 64001724
040 ## - CATALOGING SOURCE
Original cataloging agency DLC
Transcribing agency DLC
Modifying agency DLC
043 ## - GEOGRAPHIC AREA CODE
Geographic area code f-sa---
050 00 - LIBRARY OF CONGRESS CALL NUMBER
Classification number KTL110.B76
Item number A3 1962
300 ## - PHYSICAL DESCRIPTION
Other physical details ports.
Dimensions 23 cm.
100 1# - MAIN ENTRY--PERSONAL NAME
Personal name Broome, Francis Napier,
Dates associated with a name 1891-
9 (RLIN) 44474
245 10 - TITLE STATEMENT
Title Not the whole truth.
Statement of responsibility, etc F.N. Broome
260 ## - PUBLICATION, DISTRIBUTION, ETC. (IMPRINT)
Place of publication, distribution, etc Pietermaritzburg,
Name of publisher, distributor, etc University of Natal press,
Date of publication, distribution, etc 1962.
300 ## - PHYSICAL DESCRIPTION
Extent vi, 293 p.
600 ## - SUBJECT ADDED ENTRY--PERSONAL NAME
Personal name Broome, Francis Napier,
Dates associated with a name 1891- .
9 (RLIN) 44475
650 #0 - SUBJECT ADDED ENTRY--TOPICAL TERM
Topical term or geographic name as entry element Judges
Geographic subdivision South Africa
Form subdivision Biography.
9 (RLIN) 9561
906 ## - LOCAL DATA ELEMENT F, LDF (RLIN)
a 0
b cbc
c premunv
d 3
e ncip
f 19
g y-gencatlg
942 ## - ADDED ENTRY ELEMENTS (KOHA)
Source of classification or shelving scheme Library of Congress Classification
Koha item type Monograph ( Printed materials)
Holdings
Withdrawn status Lost status Source of classification or shelving scheme Damaged status Not for loan Collection code Home library Current library Shelving location Date acquired Total Checkouts Full call number Barcode Date last seen Price effective from Koha item type
    Library of Congress Classification     Main Collection ARRUPE LIBRARY ARRUPE LIBRARY Main Collection 07/02/2019   KTL110.B76 A3 1962 46600003669 07/02/2019 07/02/2019 Monograph ( Printed materials)

 

Arrupe Library. PO Box MP320 Mt Pleasant, Harare, Zimbabwe
263 242 745411|librarian@aju.ac.zw